Statistics for World Map 6 x 16 Puzzle by Largest Country in 90 seconds

Click here to take the quiz!

General Stats

  • This quiz has been taken 2,276 times
    (2,258 since last reset)
  • The average score is 56 of 74

Answer Stats

Piece% Correct
Canada
98%
Canada
98%
Canada
98%
Canada
98%
Russia
98%
Russia
98%
Russia
98%
Russia
98%
Russia
98%
Russia
98%
Russia
98%
Russia
98%
Canada
98%
Canada
98%
Canada
98%
Canada
98%
Canada
98%
Russia
98%
Russia
98%
Russia
98%
Russia
98%
Russia
98%
Russia
98%
Russia
98%
United States
96%
United States
96%
United States
96%
United States
96%
United States
96%
Brazil
96%
Brazil
96%
Brazil
96%
Brazil
96%
China
90%
China
90%
India
89%
India
89%
India
89%
Australia
89%
Australia
89%
Australia
89%
Australia
89%
Australia
89%
Australia
89%
Australia
89%
Argentina
80%
Democratic Republic of the Congo
77%
Democratic Republic of the Congo
77%
Algeria
75%
Algeria
75%
Indonesia
70%
Saudi Arabia
67%
Sudan
61%
Sudan
61%
South Africa
56%
Denmark
55%
Peru
55%
Norway
50%
Mali
50%
Nigeria
50%
Iceland
47%
Japan
40%
Uruguay
39%
New Zealand
37%
Mozambique
32%
Kiribati
29%
Kiribati
29%
Kiribati
29%
Papua New Guinea
27%
Federated States of Micronesia
21%
Fiji
19%
Guinea
18%
Mauritius
16%
Marshall Islands
14%

Score Distribution

Percentile by Number Answered

Percent of People with Each Score

Your Score History

You have not taken this quiz since the last reset